[Event "zonal 7"]
[Site "Windsor CAN"]
[Date "1989.06.??"]
[Round "?"]
[White "Bailey, Doug"]
[Black "Basanta, Gary"]
[Result "1-0"]
[WhiteElo "2355"]
[BlackElo "2260"]
[EventDate "1989.06.??"]
[PlyCount "97"]

1.e4 c5 2.Nf3 d6 3.d4 cxd4 4.Nxd4 Nf6 5.Nc3 a6 6.Bg5 e6 7.f4 Be7 8.Qf3 Qc7
9.O-O-O Nbd7 10.g4 b5 11.Bxf6 Nxf6 12.g5 Nd7 13.f5 Bxg5+ 14.Kb1 Ne5 15.Qh5
Qd8 16.Nxe6 Bxe6 17.fxe6 g6 18.exf7+ Nxf7 19.Qg4 Bh4 20.Bg2 Ra7 21.e5 Nxe5
22.Qd4 Rf7 23.Ne4 Be7 24.Nxd6+ Bxd6 25.Qxd6 Qxd6 26.Rxd6 Rf2 27.Rxa6 O-O 
28.Bd5+ Kg7 29.a4 bxa4 30.Rxa4 Rd8 31.Be4 Rdd2 32.h4 Kh6 33.Ra6 Rh2 34.
Rxh2 Rxh2 35.Re6 Nc4 36.b3 Nd2+ 37.Kc1 Kh5 38.b4 Rf2 39.Bd3 Kxh4 40.b5 Nf1
41.b6 Rf8 42.b7 Rb8 43.Re7 Ne3 44.Rxh7+ Kg5 45.c4 Kf6 46.c5 Ke5 47.c6 Nd5 
48.Bc4 Ne3 49.Ba6 1-0

[Event "zonal 7"]
[Site "Windsor CAN"]
[Date "1989.06.??"]
[Round "?"]
[White "Bailey, Doug"]
[Black "Hartman, Brian"]
[Result "0-1"]
[WhiteElo "2355"]
[BlackElo "2345"]
[EventDate "1989.06.??"]
[PlyCount "90"]

1.e4 e5 2.Nf3 Nc6 3.Bb5 a6 4.Ba4 Nf6 5.O-O Be7 6.Re1 b5 7.Bb3 O-O 8.d4 d6 
9.d5 Na5 10.Bd2 Nxb3 11.axb3 c6 12.dxc6 Qc7 13.Bg5 Qxc6 14.Qd3 Be6 15.Nc3 
Rfc8 16.Re2 Rc7 17.Bxf6 Bxf6 18.Rd2 Rac8 19.h3 Be7 20.Nh2 Bg5 21.Re2 g6 
22.Nf1 f5 23.f3 b4 24.Nd1 fxe4 25.fxe4 Qc5+ 26.Kh1 Bd7 27.c4 bxc3 28.bxc3 
Rf8 29.Nfe3 Be6 30.b4 Qb5 31.Qxb5 axb5 32.Rd2 Rc6 33.Ra3 Rf4 34.Kg1 Rxe4 
35.Ra8+ Kg7 36.Ra7+ Kh6 37.Re2 d5 38.g3 d4 39.cxd4 exd4 40.Ng4+ Bxg4 41.
Rxe4 Bxd1 42.Re5 Be3+ 43.Kf1 Bf3 44.Ra1 Rc2 45.g4 Rf2+ 0-1

[Event "zonal 7"]
[Site "Windsor CAN"]
[Date "1989.06.??"]
[Round "?"]
[White "Bailey, Doug"]
[Black "O'Donnell, Tom"]
[Result "1/2-1/2"]
[WhiteElo "2355"]
[BlackElo "2395"]
[EventDate "1989.06.??"]
[PlyCount "131"]

1.e4 Nc6 2.Nf3 e5 3.Bb5 Nge7 4.c3 g6 5.d4 exd4 6.cxd4 d5 7.exd5 Nxd5 8.O-O
Bg7 9.Ne5 O-O 10.Bxc6 bxc6 11.Nc3 c5 12.Nc6 Nxc3 13.bxc3 Qd6 14.Qf3 cxd4 
15.Bf4 Qa3 16.Be5 Bb7 17.Bxg7 Kxg7 18.Qd5 Bxc6 19.Qxc6 Qxc3 20.Qxc3 dxc3 
21.Rfc1 Rfd8 22.Rxc3 Rd7 23.g3 Rb8 24.Rac1 Rb7 25.a3 Kf8 26.g4 Ke7 27.Re1+
Kd8 28.Re4 Rd6 29.Rec4 Rd7 30.Rh3 f6 31.Rf4 Rb6 32.Rhf3 Rf7 33.Rb4 c5 34.
Rd3+ Kc8 35.Re4 Kc7 36.Kf1 Rd7 37.Rc3 Rc6 38.Re8 Kb6 39.h4 c4 40.h5 gxh5 
41.gxh5 Kc5 42.Re4 Kd5 43.f3 Rb7 44.Ke2 Rb3 45.Kd2 h6 46.Kc2 f5 47.Rh4 
Rxc3+ 48.Kxc3 Ra6 49.Rd4+ Ke6 50.Kb4 Rc6 51.Kc3 Ra6 52.Kb4 c3 53.Rc4 Ke5 
54.a4 c2 55.f4+ Kd5 56.Rxc2 Ke4 57.Rg2 Kxf4 58.Rg6 Rb6+ 59.Ka5 Ke5 60.Rxb6
axb6+ 61.Kxb6 f4 62.a5 f3 63.a6 f2 64.a7 f1=Q 65.a8=Q Qf2+ 66.Kb5 1/2-1/2

[Event "zonal 7"]
[Site "Windsor CAN"]
[Date "1989.06.??"]
[Round "?"]
[White "Bailey, Doug"]
[Black "Piasetski, Leon David"]
[Result "0-1"]
[WhiteElo "2355"]
[BlackElo "2400"]
[EventDate "1989.06.??"]
[PlyCount "72"]

1.e4 d5 2.exd5 Qxd5 3.Nc3 Qa5 4.d4 Nf6 5.Nf3 Bf5 6.Bc4 Nbd7 7.Bd2 Qb6 8.
Bb3 e6 9.Qe2 c6 10.h3 Be7 11.O-O-O Qc7 12.Nh4 Bg6 13.f4 Nd5 14.Nxg6 hxg6 
15.Qf3 Bf6 16.Nxd5 cxd5 17.Be3 a5 18.c3 a4 19.Bc2 a3 20.Bb3 Nb6 21.Rd3 Nc4
22.bxa3 Rxa3 23.Kb1 O-O 24.Bc1 Ra6 25.Re1 Rfa8 26.Re2 Qb6 27.Rb2 Nxb2 28.
Bxb2 Qa7 29.f5 gxf5 30.g4 fxg4 31.Qxg4 Rxa2 32.Rf3 Kf8 33.Qg3 Ra6 34.h4 
Rb6 35.c4 dxc4 36.Bxc4 Qa1+ 0-1

[Event "zonal 7"]
[Site "Windsor CAN"]
[Date "1989.06.??"]
[Round "?"]
[White "Bailey, Doug"]
[Black "Southam, David"]
[Result "1-0"]
[WhiteElo "2355"]
[BlackElo "2255"]
[EventDate "1989.06.??"]
[PlyCount "77"]

1.e4 c5 2.Nf3 e6 3.d4 cxd4 4.Nxd4 Nf6 5.Nc3 d6 6.g4 h6 7.h4 Nc6 8.Rg1 h5 
9.gxh5 Nxh5 10.Bg5 Nf6 11.Be2 a6 12.h5 Bd7 13.Nb3 b5 14.a3 Rc8 15.Qd2 Ne5 
16.Nd4 Nc4 17.Bxc4 Rxc4 18.f4 Rxh5 19.O-O-O Rxc3 20.Qxc3 Nxe4 21.Qf3 Rxg5 
22.fxg5 Nxg5 23.Qb7 Nh3 24.Rge1 Qc8 25.Qf3 e5 26.Rd3 Ng5 27.Qh5 Ne6 28.
Nxe6 Bxe6 29.Rc3 Qb7 30.Qg5 f6 31.Qg6+ Ke7 32.Rg1 d5 33.Qh7 Kd6 34.Rcg3 
Qe7 35.Rxg7 Bxg7 36.Rxg7 Qd8 37.Ra7 Bc8 38.Qf7 Qh8 39.Qe7+ 1-0

[Event "zonal 7"]
[Site "Windsor CAN"]
[Date "1989.06.??"]
[Round "?"]
[White "Bailey, Doug"]
[Black "Taylor, Gordon"]
[Result "1/2-1/2"]
[WhiteElo "2355"]
[BlackElo "2345"]
[EventDate "1989.06.??"]
[PlyCount "122"]

1.e4 c6 2.d4 d5 3.Nc3 dxe4 4.Nxe4 Bf5 5.Ng3 Bg6 6.h4 h6 7.h5 Bh7 8.Nf3 Nd7
9.Bd3 Bxd3 10.Qxd3 Qc7 11.Bd2 e6 12.O-O-O Ngf6 13.Ne4 O-O-O 14.g3 Nxe4 15.
Qxe4 Bd6 16.Kb1 Rhe8 17.Rde1 Nf6 18.Qe2 Kb8 19.c4 c5 20.Bc3 cxd4 21.Nxd4 
a6 22.Rc1 Rc8 23.b3 Red8 24.Rhd1 Ka8 25.Rd3 Rd7 26.Nf3 Rcd8 27.c5 Be7 28.
Rxd7 Rxd7 29.c6 Rd5 30.Be5 Bd6 31.Bxd6 Rxd6 32.Ne5 Nd5 33.Qf3 f6 34.cxb7+ 
Qxb7 35.Nc4 Rc6 36.Ka1 Kb8 37.Qe4 Qc7 38.Re1 Nb6 39.Rb1 Nd5 40.Qd4 Nb4 41.
Qd2 Nd5 42.f4 Nb6 43.Nxb6 Qxb6 44.Rd1 Kb7 45.Kb2 Qc5 46.Rc1 Rd6 47.Qg2+ 
Qd5 48.Qxd5+ Rxd5 49.Re1 e5 50.fxe5 fxe5 51.Re3 Kc6 52.Kc3 Rc5+ 53.Kd2 Ra5
54.Kc3 Kd5 55.a4 Rc5+ 56.Kd2 a5 57.Rf3 Rc7 58.Rf8 Rb7 59.Kc3 Rc7+ 60.Kd2 
Rb7 61.Kc3 Rc7+ 1/2-1/2

[Event "zonal 7"]
[Site "Windsor CAN"]
[Date "1989.06.??"]
[Round "?"]
[White "Basanta, Gary"]
[Black "Gentes, Kevin"]
[Result "1-0"]
[WhiteElo "2260"]
[BlackElo "2235"]
[EventDate "1989.06.??"]
[PlyCount "67"]

1.e4 e6 2.d4 d5 3.Nd2 Nf6 4.e5 Nfd7 5.Bd3 c5 6.c3 Nc6 7.Ne2 cxd4 8.cxd4 
Nb6 9.O-O Bd7 10.a3 a5 11.b3 g6 12.f4 h5 13.Nf3 a4 14.b4 Be7 15.Nc3 Kf8 
16.Be3 Na7 17.Rc1 Kg7 18.Nd2 Rc8 19.Qf3 Rc7 20.Qe2 Qa8 21.Rc2 Qd8 22.Rfc1 
Rc8 23.g3 Nc6 24.h3 Bf8 25.Nb5 Nb8 26.Rxc8 Nxc8 27.Kg2 Nb6 28.Nf3 Nc6 29.
Qc2 Be7 30.Ng5 Nc4 31.Bxc4 dxc4 32.Qxc4 Bxg5 33.fxg5 Ne7 34.Nd6 1-0

[Event "zonal 7"]
[Site "Windsor CAN"]
[Date "1989.06.??"]
[Round "?"]
[White "Basanta, Gary"]
[Black "Hartman, Brian"]
[Result "1-0"]
[WhiteElo "2260"]
[BlackElo "2345"]
[EventDate "1989.06.??"]
[PlyCount "109"]

1.e4 e5 2.Nf3 Nc6 3.Bc4 Nf6 4.Ng5 d5 5.exd5 Na5 6.Bb5+ Bd7 7.Qe2 Be7 8.
Bxd7+ Nxd7 9.Nf3 O-O 10.d3 c6 11.Nc3 Bb4 12.dxc6 Nxc6 13.O-O Rc8 14.Nd5 
Bd6 15.c3 f5 16.d4 e4 17.Ng5 Nf6 18.Nxf6+ Qxf6 19.f3 h6 20.Nh3 Rce8 21.
fxe4 Rxe4 22.Qxe4 fxe4 23.Rxf6 Rxf6 24.Bd2 g5 25.g3 Na5 26.b3 Rf3 27.Re1 
Rd3 28.Re2 e3 29.Bxe3 Rxc3 30.Nf2 Nc6 31.Ne4 Rxe3 32.Rxe3 Bc7 33.Nc5 Nxd4 
34.Rd3 Bb6 35.b4 Nc6 36.a3 a5 37.Kg2 axb4 38.axb4 Nxb4 39.Rc3 Nd5 40.Rc1 
g4 41.h3 Ne3+ 42.Kf2 Nd1+ 43.Rxd1 Bxc5+ 44.Kg2 gxh3+ 45.Kxh3 Kf7 46.Rd7+ 
Kg6 47.Rxb7 Be3 48.Rb3 Bg5 49.Rb6+ Kf5 50.Rb5+ Ke4 51.Kg4 Bd2 52.Rb2 Kd3 
53.Kh5 Be3 54.g4 Bf4 55.Rb6 1-0

[Event "zonal 7"]
[Site "Windsor CAN"]
[Date "1989.06.??"]
[Round "?"]
[White "Basanta, Gary"]
[Black "Hergott, Deen"]
[Result "1/2-1/2"]
[WhiteElo "2260"]
[BlackElo "2365"]
[EventDate "1989.06.??"]
[PlyCount "61"]

1.Nf3 c5 2.e4 Nc6 3.d4 cxd4 4.Nxd4 Nf6 5.Nc3 e5 6.Ndb5 d6 7.Bg5 a6 8.Na3 
b5 9.Nd5 Qa5+ 10.Bd2 Qd8 11.Bg5 Be7 12.Bxf6 Bxf6 13.c3 O-O 14.Nc2 Rb8 15.
Bd3 Bg5 16.O-O Be6 17.Nce3 Ne7 18.Nxe7+ Qxe7 19.Qe2 Qa7 20.Nc2 Rfc8 21.a4 
bxa4 22.Bxa6 Rc5 23.Nb4 Bb3 24.Bd3 Rcc8 25.Ba6 Rc5 26.Bd3 Rf8 27.Bc2 Bc4 
28.Bd3 Bb3 29.Bc2 Bc4 30.Bd3 Bb3 31.Bc2 1/2-1/2

[Event "zonal 7"]
[Site "Windsor CAN"]
[Date "1989.06.??"]
[Round "?"]
[White "Basanta, Gary"]
[Black "O'Donnell, Tom"]
[Result "0-1"]
[WhiteElo "2260"]
[BlackElo "2395"]
[EventDate "1989.06.??"]
[PlyCount "112"]

1.e4 c5 2.d4 cxd4 3.c3 Nf6 4.e5 Nd5 5.Nf3 e6 6.cxd4 b6 7.Nc3 Nxc3 8.bxc3 
Qc7 9.Qb3 d6 10.Bb5+ Bd7 11.O-O Bxb5 12.Qxb5+ Qd7 13.Qe2 d5 14.c4 Nc6 15.
Be3 Be7 16.Rfd1 O-O 17.Rab1 dxc4 18.Qxc4 Rfd8 19.Qe2 Rac8 20.h3 Nb4 21.Ng5
Nd5 22.Qh5 Bxg5 23.Bxg5 Nc3 24.Bxd8 Rxd8 25.Rbc1 Nxd1 26.Qxd1 g6 27.Qf3 
Qxd4 28.Qf6 Rf8 29.Kh2 Qd8 30.Qf4 Kg7 31.Rc3 Qe7 32.h4 h5 33.Rd3 b5 34.g3 
Rb8 35.Rd6 a5 36.Qd4 Rb7 37.Ra6 a4 38.Ra8 Qc7 39.Qf4 Rb8 40.Qf6+ Kg8 41.
Ra6 Qb7 42.Rd6 b4 43.g4 hxg4 44.h5 Qf3 45.Qxf3 gxf3 46.hxg6 b3 47.axb3 
axb3 48.gxf7+ Kxf7 49.Rd1 b2 50.Rb1 Rb3 51.Kg3 Ke7 52.Kf4 Kd7 53.Ke4 Kc6 
54.Kd4 Kb5 55.Ke4 Kc4 56.Kf4 Kd3 0-1

[Event "zonal 7"]
[Site "Windsor CAN"]
[Date "1989.06.??"]
[Round "?"]
[White "Basanta, Gary"]
[Black "Ross, Paul"]
[Result "0-1"]
[WhiteElo "2260"]
[BlackElo "2260"]
[EventDate "1989.06.??"]
[PlyCount "122"]

1.Nf3 Nf6 2.e3 g6 3.b4 Bg7 4.Bb2 d6 5.c4 O-O 6.Be2 c5 7.a3 Na6 8.b5 Nc7 9.
O-O d5 10.cxd5 Ncxd5 11.Qc2 b6 12.d3 Bd7 13.Qb3 a6 14.bxa6 Rxa6 15.Nc3 
Nxc3 16.Bxc3 Be6 17.Qb2 Qc7 18.Ng5 Bd7 19.h3 Ne8 20.d4 c4 21.Rfc1 Nd6 22.
Bb4 b5 23.Nf3 Bc6 24.Bd1 Qb7 25.Qe2 Be4 26.Ne1 Rd8 27.Bc3 Rda8 28.Qb2 Qa7 
29.Bb4 Nf5 30.Ra2 Qc7 31.Bf3 Qc6 32.Bxe4 Qxe4 33.Nf3 h6 34.Bc5 Qc6 35.Qb1 
Nd6 36.Ne1 e5 37.Nc2 exd4 38.exd4 Qd7 39.Ne3 Nb7 40.Qe4 Re8 41.Qf3 Nxc5 
42.dxc5 Qa7 43.c6 Qc5 44.a4 c3 45.Nd5 b4 46.Re2 Rxe2 47.Qxe2 Rxc6 48.Nxb4 
Re6 49.Qb5 Qd4 50.Nd5 Qd2 51.Rf1 c2 52.Qb8+ Kh7 53.Qf4 Qxd5 54.g3 Qd1 55.
Kg2 Re1 56.h4 Rxf1 57.h5 Rg1+ 58.Kh3 Qxh5+ 59.Qh4 Rh1+ 60.Kg2 Rxh4 61.g4 
Qd5+ 0-1

[Event "zonal 7"]
[Site "Windsor CAN"]
[Date "1989.06.??"]
[Round "?"]
[White "Basanta, Gary"]
[Black "Spraggett, Kevin"]
[Result "0-1"]
[WhiteElo "2260"]
[BlackElo "2585"]
[EventDate "1989.06.??"]
[PlyCount "60"]

1.e4 c6 2.d4 d5 3.Nd2 dxe4 4.Nxe4 Nf6 5.Nxf6+ gxf6 6.Bc4 Bf5 7.Ne2 e6 8.
Ng3 Bg6 9.c3 Nd7 10.f4 Bd6 11.O-O f5 12.Qf3 Qe7 13.b4 h5 14.b5 h4 15.Nh1 
Bh5 16.Qd3 c5 17.Re1 cxd4 18.cxd4 O-O-O 19.Be3 Kb8 20.a4 Rhg8 21.Ra2 Nb6 
22.Bb3 Bb4 23.Rc1 Bf3 24.d5 Nxd5 25.Bxa7+ Kxa7 26.Qxf3 Bc5+ 27.Nf2 Nb4 28.
Kh1 Nxa2 29.Bxa2 Rd2 30.Nd3 Rxa2 0-1

[Event "zonal 7"]
[Site "Windsor CAN"]
[Date "1989.06.??"]
[Round "?"]
[White "Gentes, Kevin"]
[Black "Bailey, Doug"]
[Result "0-1"]
[WhiteElo "2235"]
[BlackElo "2355"]
[EventDate "1989.06.??"]
[PlyCount "76"]

1.d4 Nf6 2.c4 g6 3.f3 d5 4.cxd5 Nxd5 5.e4 Nb6 6.Nc3 Bg7 7.Be3 O-O 8.f4 Nc6
9.d5 Na5 10.Bd4 Bg4 11.Qd3 e5 12.fxe5 Nac4 13.Qg3 c5 14.Bxc5 Bxe5 15.Qf2 
Rc8 16.Bd4 Qd6 17.Nf3 Bxf3 18.gxf3 f5 19.Bxc4 Bxd4 20.Qxd4 Rxc4 21.Qd2 
fxe4 22.fxe4 Rf3 23.Rf1 Rfxc3 24.bxc3 Rxe4+ 25.Kd1 Nc4 26.Qf2 Ne3+ 27.Kc1 
Nxf1 28.Qxf1 Qxh2 29.Rb1 Qe5 30.Qh3 Re1+ 31.Kb2 Rxb1+ 32.Kxb1 Qf5+ 33.Qxf5
gxf5 34.Kc2 h5 35.Kd3 h4 36.Ke3 b5 37.Kf3 Kf7 38.Kg2 f4 0-1

[Event "zonal 7"]
[Site "Windsor CAN"]
[Date "1989.06.??"]
[Round "?"]
[White "Gentes, Kevin"]
[Black "Hamilton, Robert"]
[Result "0-1"]
[WhiteElo "2235"]
[BlackElo "2300"]
[EventDate "1989.06.??"]
[PlyCount "78"]

1.d4 Nf6 2.c4 e6 3.Nf3 Bb4+ 4.Bd2 Qe7 5.g3 Nc6 6.Bg2 O-O 7.O-O Bxd2 8.Qxd2
d6 9.Nc3 e5 10.d5 Nb8 11.e4 a5 12.Ne1 Na6 13.Nd3 Nd7 14.f4 exf4 15.gxf4 
Ndc5 16.f5 Nxd3 17.f6 gxf6 18.Qxd3 Kh8 19.Kh1 Rg8 20.Rf4 Bd7 21.Raf1 Rg6 
22.Qd4 Kg7 23.Ne2 Re8 24.Ng3 Qe5 25.Qd2 Qg5 26.Bf3 Kf8 27.Rg1 Nc5 28.Ne2 
Qe5 29.Rh4 Rxg1+ 30.Kxg1 Qg5+ 31.Qxg5 fxg5 32.Rxh7 Kg8 33.Rh5 f6 34.Nd4 
Nd3 35.Ne2 Nxb2 36.h4 Re5 37.Ng3 Be8 38.Rh6 Kg7 39.hxg5 Rxg5 0-1

[Event "zonal 7"]
[Site "Windsor CAN"]
[Date "1989.06.??"]
[Round "?"]
[White "Gentes, Kevin"]
[Black "Nickoloff, Bryon"]
[Result "1/2-1/2"]
[WhiteElo "2235"]
[BlackElo "2420"]
[EventDate "1989.06.??"]
[PlyCount "20"]

1.d4 Nf6 2.c4 e6 3.Nf3 Bb4+ 4.Bd2 c5 5.Bxb4 cxb4 6.a3 bxa3 7.Rxa3 O-O 8.
Nc3 Nc6 9.e3 d6 10.Be2 e5 1/2-1/2

[Event "zonal 7"]
[Site "Windsor CAN"]
[Date "1989.06.??"]
[Round "?"]
[White "Gentes, Kevin"]
[Black "Piasetski, Leon David"]
[Result "1/2-1/2"]
[WhiteElo "2235"]
[BlackElo "2400"]
[EventDate "1989.06.??"]
[PlyCount "103"]

1.d4 d6 2.c4 g6 3.e4 Bg7 4.Nf3 Nd7 5.Nc3 e5 6.Be2 Nh6 7.Bg5 f6 8.Bh4 O-O 
9.d5 Nf7 10.Nd2 Bh6 11.O-O a5 12.Qc2 Qe7 13.b3 Nc5 14.Kh1 Bd7 15.Rab1 Bg5 
16.Bg3 f5 17.exf5 Bxf5 18.Nde4 Bf4 19.Bd3 Bxe4 20.Bxe4 Kg7 21.a3 Bxg3 22.
hxg3 Ng5 23.b4 axb4 24.axb4 Nd7 25.Ra1 Nf6 26.f3 Nh5 27.Qf2 b6 28.Kh2 Nf7 
29.Qe3 Nf6 30.c5 bxc5 31.bxc5 Nd7 32.c6 Nc5 33.Bc2 Nh6 34.Rfb1 Ng8 35.Ne4 
Nxe4 36.Bxe4 h5 37.Rxa8 Rxa8 38.Rb7 Rf8 39.Kh3 Rf7 40.Rb8 Nh6 41.Rb7 Nf5 
42.Bxf5 gxf5 43.Rb4 Qf6 44.f4 e4 45.Kh2 Kh7 46.Rb7 Rg7 47.Kg1 Qg6 48.Qe2 
Kh6 49.Rb8 Rg8 50.Rxg8 Qxg8 51.Qb2 Qg7 52.Qb8 1/2-1/2

[Event "zonal 7"]
[Site "Windsor CAN"]
[Date "1989.06.??"]
[Round "?"]
[White "Gentes, Kevin"]
[Black "Southam, David"]
[Result "1/2-1/2"]
[WhiteElo "2235"]
[BlackElo "2255"]
[EventDate "1989.06.??"]
[PlyCount "41"]

1.d4 Nf6 2.c4 g6 3.Nc3 Bg7 4.e4 O-O 5.f3 d6 6.Be3 Nc6 7.Qc2 a6 8.Nge2 Re8 
9.a3 Bd7 10.b4 Qb8 11.g3 b5 12.Bg2 bxc4 13.O-O e6 14.Qa2 a5 15.b5 Nb4 16.
axb4 axb4 17.Qxc4 Rxa1 18.Rxa1 bxc3 19.Nxc3 d5 20.Qe2 Rc8 21.e5 1/2-1/2

[Event "zonal 7"]
[Site "Windsor CAN"]
[Date "1989.06.??"]
[Round "?"]
[White "Gentes, Kevin"]
[Black "Stone, Raymond"]
[Result "1/2-1/2"]
[WhiteElo "2235"]
[BlackElo "2345"]
[EventDate "1989.06.??"]
[PlyCount "64"]

1.d4 Nf6 2.c4 g6 3.Nc3 d5 4.Nf3 Bg7 5.Bg5 Ne4 6.cxd5 Nxg5 7.Nxg5 e6 8.Nf3 
exd5 9.e3 Qd6 10.Rc1 c6 11.Be2 O-O 12.O-O Nd7 13.a3 h6 14.b4 Nb6 15.Qb3 
Be6 16.b5 Rfc8 17.bxc6 bxc6 18.Na4 Nxa4 19.Qxa4 c5 20.Ba6 Rc7 21.dxc5 Rxc5
22.Bb7 Rd8 23.Rxc5 Qxc5 24.Nd4 Bxd4 25.exd4 Qc7 26.Ba6 Rb8 27.Bd3 Rb2 28.
h3 Kg7 29.Bb1 Rd2 30.Rd1 Bd7 31.Qb3 Qb6 32.Ba2 Qxd4 1/2-1/2

[Event "zonal 7"]
[Site "Windsor CAN"]
[Date "1989.06.??"]
[Round "?"]
[White "Gentes, Kevin"]
[Black "Taylor, Gordon"]
[Result "0-1"]
[WhiteElo "2235"]
[BlackElo "2345"]
[EventDate "1989.06.??"]
[PlyCount "120"]

1.d4 Nf6 2.c4 e6 3.Nf3 d5 4.Nc3 c5 5.cxd5 Nxd5 6.e4 Nxc3 7.bxc3 cxd4 8.
cxd4 Bb4+ 9.Bd2 Bxd2+ 10.Qxd2 O-O 11.Bc4 Nc6 12.O-O b6 13.Rad1 Bb7 14.Rfe1
Rc8 15.d5 exd5 16.Bxd5 Qe7 17.e5 Nd8 18.Bxb7 Nxb7 19.Nd4 Rfd8 20.Nf5 Qf8 
21.Qg5 Kh8 22.h4 h6 23.Qg4 Rxd1 24.Rxd1 Rd8 25.Rxd8 Nxd8 26.Qa4 g6 27.Nd6 
Qe7 28.Qf4 Kg7 29.Nc8 Qd7 30.Qf6+ Kh7 31.Nd6 b5 32.h5 b4 33.hxg6+ fxg6 34.
f3 Ne6 35.Qh4 a5 36.Qc4 h5 37.Qd5 a4 38.Qa5 b3 39.axb3 axb3 40.Qb6 Qa4 41.
Qb7+ Ng7 42.Nf7 Qd4+ 43.Kh1 Qe3 44.e6 g5 45.Qc8 Nxe6 46.Qh8+ Kg6 47.Ne5+ 
Kf5 48.Nd3 h4 49.Qc3 Nc5 50.Qa5 Qxd3 51.Qxc5+ Kf4 52.Qc1+ Qe3 53.Qc7+ Qe5 
54.Qc1+ Kg3 55.Qg1 b2 56.Qh2+ Kf2 57.Qg1+ Ke2 58.Qb1 Qc3 59.Kh2 Qc7+ 60.
Kh1 Qc1+ 0-1

[Event "zonal 7"]
[Site "Windsor CAN"]
[Date "1989.06.??"]
[Round "?"]
[White "Hamilton, Robert"]
[Black "Bailey, Doug"]
[Result "1-0"]
[WhiteElo "2300"]
[BlackElo "2355"]
[EventDate "1989.06.??"]
[PlyCount "79"]

1.c4 Nf6 2.Nc3 d5 3.cxd5 Nxd5 4.g3 g6 5.Bg2 Nb6 6.Nf3 Bg7 7.O-O Nc6 8.d3 
O-O 9.Be3 Bf5 10.Nd2 Qc8 11.a4 Bh3 12.a5 Bxg2 13.Kxg2 Nd7 14.Qa4 e5 15.
Rfc1 a6 16.Nd5 Qd8 17.Ne4 Rb8 18.Qc4 Kh8 19.Ra4 h6 20.Nb4 f5 21.Nc5 Nxc5 
22.Nxc6 bxc6 23.Bxc5 Rf6 24.Qxa6 Rb5 25.Ba3 f4 26.f3 Qe8 27.Rc5 g5 28.g4 
h5 29.h3 hxg4 30.hxg4 Rh6 31.Rac4 Rxc5 32.Bxc5 Rh4 33.Bf2 Rh6 34.Qb7 Qg8 
35.Rxc6 Rh7 36.Rxc7 Rh6 37.Rc8 Bf8 38.Bc5 Rh7 39.Qb8 Rf7 40.Rxf8 1-0

[Event "zonal 7"]
[Site "Windsor CAN"]
[Date "1989.06.??"]
[Round "?"]
[White "Hamilton, Robert"]
[Black "Basanta, Gary"]
[Result "1/2-1/2"]
[WhiteElo "2300"]
[BlackElo "2260"]
[EventDate "1989.06.??"]
[PlyCount "112"]

1.e4 c5 2.Nf3 d6 3.d4 cxd4 4.Nxd4 Nf6 5.Nc3 a6 6.Bg5 e6 7.f4 Be7 8.Qf3 Qc7
9.O-O-O Nbd7 10.g4 b5 11.Bxf6 Nxf6 12.g5 Nd7 13.f5 Ne5 14.Qg3 b4 15.Nce2 
exf5 16.Nxf5 Bxf5 17.exf5 Qc4 18.Kb1 Qg4 19.Qxg4 Nxg4 20.Rd4 Ne5 21.Bg2 
Ra7 22.h4 a5 23.Rf1 f6 24.gxf6 Bxf6 25.Rxd6 O-O 26.Bd5+ Kh8 27.h5 Ng4 28.
Be6 Rc7 29.Rg1 Ne3 30.Rd3 Nc4 31.Nf4 Ne5 32.Re3 Rc5 33.Rh3 Rd8 34.h6 gxh6 
35.Rxh6 Bg5 36.Nd3 Nf3 37.Rhh1 Rc7 38.Rg2 h6 39.Bb3 Kg7 40.Rf2 Nd2+ 41.Ka1
Nxb3+ 42.axb3 Re8 43.Kb1 Re4 44.Rhf1 Kf6 45.Rh2 Rce7 46.c3 Re3 47.Kc2 Re2+
48.Rxe2 Rxe2+ 49.Kb1 Re3 50.Nc5 h5 51.Kc2 h4 52.Ne6 Rg3 53.Nc5 Re3 54.Ne6 
Rg3 55.Nc5 Re3 56.Ne6 Rg3 1/2-1/2

[Event "zonal 7"]
[Site "Windsor CAN"]
[Date "1989.06.??"]
[Round "?"]
[White "Hamilton, Robert"]
[Black "Piasetski, Leon David"]
[Result "1-0"]
[WhiteElo "2300"]
[BlackElo "2400"]
[EventDate "1989.06.??"]
[PlyCount "85"]

1.d4 Nf6 2.c4 d6 3.Nc3 Nbd7 4.e4 e5 5.Nf3 Be7 6.Be2 O-O 7.O-O h6 8.b3 Re8 
9.Qc2 Nh7 10.Bb2 Ng5 11.Nxg5 hxg5 12.Nd5 Bf8 13.Rad1 c6 14.Ne3 Qf6 15.Bg4 
exd4 16.Bxd4 Ne5 17.Bxc8 Raxc8 18.Ng4 Nf3+ 19.gxf3 Qxf3 20.Ne3 Rxe4 21.Rd3
Rce8 22.Ng2 Qh5 23.Qd1 g4 24.Re3 d5 25.Rfe1 Bd6 26.h4 f5 27.cxd5 c5 28.
Rxe4 fxe4 29.Be3 Rf8 30.Bg5 Rf5 31.Rxe4 Rxg5 32.hxg5 Qh2+ 33.Kf1 Qh1+ 34.
Ke2 Qxg2 35.Qd3 g3 36.Qf3 Qxf3+ 37.Kxf3 gxf2 38.Kxf2 Kf7 39.Re6 Be7 40.g6+
Kf8 41.d6 Bd8 42.d7 Be7 43.a4 1-0

[Event "zonal 7"]
[Site "Windsor CAN"]
[Date "1989.06.??"]
[Round "?"]
[White "Hamilton, Robert"]
[Black "Southam, David"]
[Result "1-0"]
[WhiteElo "2300"]
[BlackElo "2255"]
[EventDate "1989.06.??"]
[PlyCount "126"]

1.e4 e6 2.d4 d5 3.Nc3 Bb4 4.e5 Ne7 5.Ne2 c5 6.Bd2 O-O 7.dxc5 Nec6 8.f4 
Bxc5 9.Nc1 a6 10.Nd3 Be7 11.Qh5 f6 12.O-O-O Qe8 13.Qe2 b5 14.exf6 Bxf6 15.
Re1 Qf7 16.g3 Nd4 17.Qf2 Nbc6 18.Ne2 Qc7 19.Nxd4 Bxd4 20.Be3 Bf6 21.Bb6 
Qb7 22.Bc5 Rf7 23.Bg2 Bd7 24.Re2 Kh8 25.Qe3 Na5 26.Bd4 Rc8 27.Ne5 Bxe5 28.
Bxe5 Nc4 29.Qd4 Nxe5 30.Qxe5 b4 31.b3 a5 32.Bh3 a4 33.Bxe6 Bxe6 34.Qxe6 h6
35.Rhe1 Kh7 36.f5 Rc6 37.Qe5 Qd7 38.g4 d4 39.Rd2 d3 40.Qe4 Rxc2+ 41.Rxc2 
dxc2 42.Qe6 Qd4 43.Qg6+ Kg8 44.Re8+ Rf8 45.Qe6+ Kh7 46.Kxc2 Qc3+ 47.Kd1 
Qa1+ 48.Kd2 Qxa2+ 49.Kd3 Qb1+ 50.Kd4 Qg1+ 51.Kd5 Qd1+ 52.Kc5 Qc2+ 53.Kb5 
Rxe8 54.Qg6+ Kh8 55.Qxe8+ Kh7 56.Kxa4 Qc1 57.Qe6 Qc5 58.f6 Qa7+ 59.Kxb4 
Qb8+ 60.Kc5 gxf6 61.Qf7+ Kh8 62.Qxf6+ Kh7 63.Qe7+ Kg8 1-0

[Event "zonal 7"]
[Site "Windsor CAN"]
[Date "1989.06.??"]
[Round "?"]
[White "Hamilton, Robert"]
[Black "Taylor, Gordon"]
[Result "1/2-1/2"]
[WhiteElo "2300"]
[BlackElo "2345"]
[EventDate "1989.06.??"]
[PlyCount "74"]

1.e4 c6 2.d4 d5 3.e5 Bf5 4.g4 Bd7 5.Be3 Qc8 6.h3 h5 7.gxh5 Nh6 8.Ne2 Nf5 
9.Ng3 c5 10.Nxf5 Bxf5 11.dxc5 e6 12.Nc3 Nd7 13.Nb5 Nxe5 14.h6 Bxc5 15.hxg7
Rg8 16.Rg1 a6 17.Bf4 Qb8 18.Nc3 Nd3+ 19.Bxd3 Qxf4 20.Qe2 Bxd3 21.cxd3 Rd8 
22.Rg4 Qh6 23.d4 Be7 24.Qe3 Qxe3+ 25.fxe3 Bf6 26.Ke2 Rxg7 27.Rxg7 Bxg7 28.
Rg1 Kf8 29.Kf3 Bf6 30.Ne2 Ke7 31.Nf4 Rc8 32.Rg2 Kd6 33.Rh2 Kd7 34.Kg4 Rg8+
35.Kf3 Rh8 36.Kg4 Rg8+ 37.Kf3 Rh8 1/2-1/2

[Event "zonal 7"]
[Site "Windsor CAN"]
[Date "1989.06.??"]
[Round "?"]
[White "Hartman, Brian"]
[Black "Gentes, Kevin"]
[Result "1/2-1/2"]
[WhiteElo "2345"]
[BlackElo "2235"]
[EventDate "1989.06.??"]
[PlyCount "78"]

1.d4 Nf6 2.c4 e6 3.Nf3 Bb4+ 4.Bd2 a5 5.Nc3 b6 6.Qc2 Bb7 7.g3 d6 8.Bg2 Nbd7
9.O-O O-O 10.a3 Bxc3 11.Bxc3 a4 12.Rfd1 Be4 13.Qc1 Qb8 14.Qg5 h6 15.Qh4 b5
16.c5 Qb7 17.Rac1 Ra6 18.Bb4 Nb8 19.Qf4 Nc6 20.g4 e5 21.dxe5 dxe5 22.Qg3 
Nxb4 23.axb4 a3 24.bxa3 Rxa3 25.Qxe5 Nxg4 26.Qe7 Raa8 27.Qd7 Nf6 28.c6 Qa6
29.Qxc7 Rac8 30.Qd6 Rxc6 31.Rxc6 Qxc6 32.Qxc6 Bxc6 33.Rd6 Be4 34.Nd4 Rc8 
35.f3 Bd5 36.Nf5 Rc1+ 37.Kf2 Be6 38.Nd4 Bc4 39.Bh3 Nd5 1/2-1/2

[Event "zonal 7"]
[Site "Windsor CAN"]
[Date "1989.06.??"]
[Round "?"]
[White "Hartman, Brian"]
[Black "Hamilton, Robert"]
[Result "1/2-1/2"]
[WhiteElo "2345"]
[BlackElo "2300"]
[EventDate "1989.06.??"]
[PlyCount "29"]

1.e4 e6 2.d4 d5 3.Nd2 Nf6 4.e5 Nfd7 5.Ngf3 c5 6.c3 b6 7.Qa4 a5 8.h4 Be7 9.
h5 O-O 10.Bd3 Ba6 11.Bxa6 Rxa6 12.O-O Qe8 13.Qc2 f5 14.exf6 Rxf6 15.g4 
1/2-1/2

[Event "zonal 7"]
[Site "Windsor CAN"]
[Date "1989.06.??"]
[Round "?"]
[White "Hartman, Brian"]
[Black "Hergott, Deen"]
[Result "1/2-1/2"]
[WhiteElo "2345"]
[BlackElo "2365"]
[EventDate "1989.06.??"]
[PlyCount "41"]

1.d4 e6 2.c4 Bb4+ 3.Bd2 Qe7 4.Nf3 Nf6 5.Qb3 Bxd2+ 6.Nbxd2 d6 7.g3 O-O 8.
Bg2 e5 9.O-O a5 10.Rfd1 Nc6 11.dxe5 dxe5 12.Nb1 Bg4 13.Nc3 Qb4 14.Nd5 Nxd5
15.cxd5 Qxb3 16.axb3 Bxf3 17.dxc6 Bxc6 18.Bxc6 bxc6 19.Rdc1 Ra6 20.Rc5 f6 
21.Raxa5 1/2-1/2

[Event "zonal 7"]
[Site "Windsor CAN"]
[Date "1989.06.??"]
[Round "?"]
[White "Hartman, Brian"]
[Black "Ross, Paul"]
[Result "1/2-1/2"]
[WhiteElo "2345"]
[BlackElo "2260"]
[EventDate "1989.06.??"]
[PlyCount "122"]

1.e4 e6 2.d4 d5 3.Nd2 c5 4.Ngf3 cxd4 5.exd5 Qxd5 6.Bc4 Qd6 7.O-O Nf6 8.Nb3
Nc6 9.Nbxd4 Nxd4 10.Nxd4 a6 11.Be3 Qc7 12.Bb3 Bd6 13.h3 O-O 14.Qd3 Bd7 15.
Rfd1 Bh2+ 16.Kh1 Bf4 17.c4 Rad8 18.Nf3 Bxe3 19.Qxe3 Bc6 20.Kg1 Be4 21.Rac1
h6 22.a3 Rxd1+ 23.Bxd1 Rd8 24.Be2 Bxf3 25.Bxf3 e5 26.c5 e4 27.Bxe4 Re8 28.
f3 Qe5 29.b4 Nxe4 30.fxe4 Qxe4 31.Qxe4 Rxe4 32.c6 bxc6 33.Rxc6 a5 34.b5 
Re1+ 35.Kf2 Rb1 36.a4 Rb4 37.Rc8+ Kh7 38.Rc1 Rxa4 39.Rb1 Rd4 40.Ke3 Rd8 
41.Ra1 Rd5 42.Rxa5 f5 43.Ke2 h5 44.Ke3 h4 45.Kf4 Rc5 46.Kg5 Rc2 47.Kxf5 
Rxg2 48.Ra8 Rc2 49.Rb8 Rg2 50.b6 Rg3 51.Rc8 Rb3 52.Rc6 Rxh3 53.Kg4 Rb3 54.
Kxh4 Rb5 55.Kg4 Kg8 56.Rc8+ Kh7 57.Rb8 Kg6 58.Kf4 Kf6 59.Ke4 Ke6 60.Kd4 
Kd6 61.Kc4 Rb1 1/2-1/2